Punch-card methods in research and documentation: With special reference to biology (Record no. 1341208)

MARC details
000 -LEADER
fixed length control field 00732nam a2200217Ia 4500
005 - DATE AND TIME OF LATEST TRANSACTION
control field 20250508153212.0
008 - FIXED-LENGTH DATA ELEMENTS--GENERAL INFORMATION
fixed length control field 008 250505s9999 xx 000 0 eng d
037 ## - SOURCE OF ACQUISITION
Stock number Books to be hide in OPAC
040 ## - CATALOGING SOURCE
Original cataloging agency FEDL
Language of cataloging eng
Transcribing agency FEDL
041 ## - LANGUAGE CODE
Language code of text/sound track or separate title eng
Source of code eng
084 ## - COLON CLASSIFICATION NUMBER
Classification number 025.78, SCH
Assigning agency FEDL
100 ## - MAIN ENTRY--PERSONAL NAME
Personal name Scheele Martin
9 (RLIN) 46297
245 #0 - TITLE STATEMENT
Title Punch-card methods in research and documentation: With special reference to biology
260 ## - PUBLICATION, DISTRIBUTION, ETC.
Place of publication, distribution, etc. New York, USA
Name of publisher, distributor, etc. Interscience Publishers
Date of publication, distribution, etc. 1961
300 ## - PHYSICAL DESCRIPTION
Extent xiv,274p.
490 ## - SERIES STATEMENT
Series statement Library Science and Documentation : A Series of Texts and Monographs
650 ## - SUBJECT ADDED ENTRY--TOPICAL TERM
Topical term or geographic name entry element Library Science
700 ## - ADDED ENTRY--PERSONAL NAME
Personal name Holmstrom J E
9 (RLIN) 763402
942 ## - ADDED ENTRY ELEMENTS (KOHA)
Koha item type Books to be hide in OPAC
Classification part 025.78, SCH
Holdings
Withdrawn status Lost status Damaged status Not for loan Home library Current library Date acquired Total Checkouts Full call number Barcode Date last seen Price effective from Koha item type
        Department of Education Library Department of Education Library 2025-05-08   025.78, SCH EL0023996 2025-05-08 2025-05-08 Books to be hide in OPAC
Copyright @ Delhi University Library System